000 03381nam0a2200373 4500
001 RU\NLR\bibl\1258344
005 20260407185407.0
010 _a978-5-7563-0356--8
_9200
021 _aRU
_b2008-45014
_92489
035 _a(NLR Aleph) 001244360
090 _a279064
_c279064
100 _a20080804d2008 |||y0rusy50 ca
101 0 _arus
102 _aRU
105 _aa |||||||||
200 1 _aОпыт инновационной деятельности педагогического коллектива Изборского лицея и его социальных партнеров
_eматериалы Всероссийской научно-практической конференции "Развитие инновационного потенциала сельской школы: возможности и перспективы. Комплексные сельские образовательные системы как перспективные моделли для возрождения и развития сельского социума в России", (26-27 июня, 2008 г., Псков - Изборск, Пчорского района Псковской области)
_eсборник статей
210 _aМосква
_aПсков
_cИсследовательский центр проблем качества подготовки специалистов
_d2008
215 _a107 с.
_cил.
_d20
300 _aВ надзаг.: М-во образования и науки Рос. Федерации, Федер. агентство по образованию, Исслед. центр проблем качества подгот. специалистов, Гос. технол. ун-т "Моск. ин-т стали и сплавов" [и др.]
313 _aВ сборник вколючены статьи о различных средних образовательных учреждениях Псковской области
320 _aБиблиогр. в конце ст.
601 0 2 _aИзборский лицей
_cПсковская область
_jСъезды, совещания и т.п.
_92481916
_3RU\NLR\auth\661473260
606 1 _aСельские образовательные учреждения
_jСъезды, совещания и т.п.
_xУчебно-воспитательная работа
_yПсковская область
_92532734
_3RU\NLR\auth\661500100
686 _aЧ421.3я431
686 _aЧ421.2я431
686 _aЧ424(2Р)714.8я431
711 1 2 _a"Развитие инновационного потенциала сельской школы: возможности и перспективы. Комплексные сельские образовательные системы как перспективные модели для возрождения и развития сельского социума в России", всероссийская научно-практическая конференция
_f2008
_eПсков/д. Изборск, Псковская обл.
_3RU\NLR\AUTH\8810121777
_9741663
712 0 2 _4570
_aИзборский лицей
_cПсковская обл.
_9741689
_3RU\NLR\AUTH\8810121792
801 0 _aRU
_bNLR
_c20080804
_gRCR
801 1 _aRU
_bNLR
_c20080804
942 _cBOOK
980 _aNB